Pintura novohispana (Record no. 965)

MARC details
000 -CABECERA
campo de control de longitud fija 01321nam a2200277 a 4500
001 - NÚMERO DE CONTROL
campo de control BRCA_1086
005 - FECHA Y HORA DE LA ÚLTIMA TRANSACCIÓN
campo de control 20190320203255.0
008 - DATOS DE LONGITUD FIJA--INFORMACIÓN GENERAL
campo de control de longitud fija 920428m19921994mx-a---##b---#000-0#spa-#
020 ## - NÚMERO INTERNACIONAL ESTÁNDAR DEL LIBRO
Número Internacional Estándar del Libro 9686752005 (v.1)
020 ## - NÚMERO INTERNACIONAL ESTÁNDAR DEL LIBRO
Número Internacional Estándar del Libro 9686963359 (v.2)
050 #4 - SIGNATURA TOPOGRÁFICA DE LA BIBLIOTECA DEL CONGRESO
Número de clasificación N6553
Número de documento/Ítem .M86 1992
245 10 - MENCIÓN DE TÍTULO
Título Pintura novohispana
Resto del título Museo Nacional del Virreinato : Tepotzotlán
Mención de responsabilidad, etc. autores, Roberto M. Alarcón Cedillo, Ma. del Rosario García de Toxqui ; con la colaboración de Ana Joaquina Montalvo de Morales ... [et al.].
260 ## - PUBLICACIÓN, DISTRIBUCIÓN, ETC.
Lugar de publicación, distribución, etc. México
Nombre del editor, distribuidor, etc. Asociación de Amigos del Museo Nacional del Virreinato
Fecha de publicación, distribución, etc. 1992-1994
300 ## - DESCRIPCIÓN FÍSICA
Extensión 3 v.
Otras características físicas il. (algunas a color)
Dimensiones 30 cm.
500 ## - NOTA GENERAL
Nota general La biblioteca cuenta con el vol. 1 y 2
504 ## - NOTA DE BIBLIOGRAFÍA, ETC.
Nota de bibliografía, etc. Bibliografía: p. 194-195
505 0# - NOTA DE CONTENIDO CON FORMATO
Nota de contenido con formato Contenido : v.1. Siglos XVI, XVII y principios del XVIII. -- v.2. Siglos XVIII, XIX, and XX, primera parte. -- v.3. Siglos XVII-XX, segunda parte
610 24 - PUNTO DE ACCESO ADICIONAL DE MATERIA--NOMBRE DE ENTIDAD CORPORATIVA
Nombre de entidad corporativa o nombre de jurisdicción como elemento de entrada Museo Nacional del Virreinato (México)
Subdivisión de forma Catálogos
9 (RLIN) 3572
650 14 - PUNTO DE ACCESO ADICIONAL DE MATERIA--TÉRMINO DE MATERIA
Término de materia o nombre geográfico como elemento de entrada Arte colonial
Subdivisión de forma Catálogos
Subdivisión geográfica México
9 (RLIN) 3573
650 14 - PUNTO DE ACCESO ADICIONAL DE MATERIA--TÉRMINO DE MATERIA
Término de materia o nombre geográfico como elemento de entrada Arte mexicano
Subdivisión de forma Catálogos
9 (RLIN) 3574
650 14 - PUNTO DE ACCESO ADICIONAL DE MATERIA--TÉRMINO DE MATERIA
Término de materia o nombre geográfico como elemento de entrada Arte
Subdivisión de forma Catálogos
Subdivisión geográfica México
9 (RLIN) 3575
700 1# - PUNTO DE ACCESO ADICIONAL--NOMBRE DE PERSONA
Nombre de persona Alarcón Cedillo, Roberto M.
9 (RLIN) 1353
700 1# - PUNTO DE ACCESO ADICIONAL--NOMBRE DE PERSONA
Nombre de persona García de Toxqui, Ma. del Rosario
Forma completa/desarrollada del nombre (María del Rosario)
9 (RLIN) 3576
700 1# - PUNTO DE ACCESO ADICIONAL--NOMBRE DE PERSONA
Nombre de persona Montalvo de Morales, Ana Joaquina
9 (RLIN) 3577
942 ## - ELEMENTOS DE PUNTO DE ACCESO ADICIONAL (KOHA)
Fuente del sistema de clasificación o colocación Library of Congress Classification
Tipo de ítem Koha Libros
Holdings
Estado de retiro Estado de pérdida Estado dañado No para préstamo Localización permanente Ubicación/localización actual Fecha de adquisición Total de préstamos Signatura topográfica completa Código de barras Fecha visto por última vez Precio válido a partir de Tipo de ítem Koha Código de colección
El ejemplar forma parte de la colección y puede ser consultado según las políticas vigentes.       Biblioteca del Museo Franz Mayer (Rogerio Casas-Alatriste) Biblioteca del Museo Franz Mayer (Rogerio Casas-Alatriste) 26/06/2008   N6553 .M86 1992 01613 22/03/2019 22/03/2019 Libros  
El ejemplar forma parte de la colección y puede ser consultado según las políticas vigentes.       Biblioteca del Museo Franz Mayer (Rogerio Casas-Alatriste) Biblioteca del Museo Franz Mayer (Rogerio Casas-Alatriste) 28/10/2010   N6553 .M86 1992 01614 22/03/2019 22/03/2019 Libros Acervo General